Drawings for the Bible / (Record no. 16847)

000 -LEADER
fixed length control field 01206cam a2200301 a 4500
001 - CONTROL NUMBER
control field 3489235
003 - CONTROL NUMBER IDENTIFIER
control field OSt
005 - DATE AND TIME OF LATEST TRANSACTION
control field 20161118092713.0
008 - FIXED-LENGTH DATA ELEMENTS--GENERAL INFORMATION
fixed length control field 941206r19951960nyua c 000 0 eng
010 ## - LIBRARY OF CONGRESS CONTROL NUMBER
LC control number 94044646
020 ## - INTERNATIONAL STANDARD BOOK NUMBER
International Standard Book Number 0486285758 (pbk.)
040 ## - CATALOGING SOURCE
Original cataloging agency DLC
Transcribing agency DLC
Modifying agency DLC
050 00 - LIBRARY OF CONGRESS CALL NUMBER
Classification number NC269.C42
Item number A4 1995
082 00 - DEWEY DECIMAL CLASSIFICATION NUMBER
Classification number 741.947
Edition number 20
100 1# - MAIN ENTRY--PERSONAL NAME
Personal name Chagall, Marc,
Dates associated with a name 1887-1985.
245 10 - TITLE STATEMENT
Title Drawings for the Bible /
Statement of responsibility, etc. Marc Chagall.
250 ## - EDITION STATEMENT
Edition statement Dover ed.
260 ## - PUBLICATION, DISTRIBUTION, ETC. (IMPRINT)
Place of publication, distribution, etc. New York :
Name of publisher, distributor, etc. Dover,
Date of publication, distribution, etc. 1995.
300 ## - PHYSICAL DESCRIPTION
Extent 107 p. :
Other physical details ill. (some col.) ;
Dimensions 31 cm.
500 ## - GENERAL NOTE
General note Originally published: New York : Harcourt, Brace, and Co., 1960.
600 10 - SUBJECT ADDED ENTRY--PERSONAL NAME
Personal name Chagall, Marc,
Dates associated with a name 1887-1985
General subdivision Catalogs.
630 00 - SUBJECT ADDED ENTRY--UNIFORM TITLE
Uniform title Bible.
Name of part/section of a work Old Testament
General subdivision Illustrations
-- Catalogs.
856 42 - ELECTRONIC LOCATION AND ACCESS
Materials specified Publisher description
Uniform Resource Identifier <a href="http://www.loc.gov/catdir/description/dover032/94044646.html">http://www.loc.gov/catdir/description/dover032/94044646.html</a>
906 ## - LOCAL DATA ELEMENT F, LDF (RLIN)
a 7
b cbc
c orignew
d 1
e ocip
f 19
g y-gencatlg
942 ## - ADDED ENTRY ELEMENTS (KOHA)
Source of classification or shelving scheme
Koha item type Hard Covered Materials
Classification part NC 269 .C42A4 1995
Holdings
Withdrawn status Lost status Source of classification or shelving scheme Damaged status Not for loan Home library Current library Shelving location Date acquired Source of acquisition Total Checkouts Full call number Barcode Date last seen Price effective from Koha item type
          MACHAKOS UNIVERSITY LIBRARY MACHAKOS UNIVERSITY LIBRARY Technical section 18/11/2016 Donation (BFA)   NC 269 .C42A4 1995 27913 19/06/2018 18/11/2016 Hard Covered Materials
© Machakos University Library, Along The Highway, Machakos Wote Rd, Machakos, Kenya P.O. Box 136 - 90100 Machakos - Kenya

Tel: ( +254 ) 723 805829 OR Fax : 044-20353 OR Email: library@mksu.ac.ke